| 000 | 00649nam a2200229Ia 4500 | ||
|---|---|---|---|
| 001 | 10097 | ||
| 003 | GE_BSU | ||
| 008 | 181216s||||||||xx |||||||||||||| ||und|| | ||
| 040 | _cGE_BSU | ||
| 080 | _a821.353.1–31 | ||
| 100 | _aროყვა,შოთა | ||
| 245 | _aფრთები | ||
| 245 | _bრომანი | ||
| 245 | _cრედ.ნ.ჯაფარიძე.მხატვ.გ.გუჯაბიძე | ||
| 260 | _aბათუმი | ||
| 260 | _bსაბჭოთა აჭარა | ||
| 260 | _c1989 | ||
| 300 | _a263გვ.20სმ. | ||
| 653 | _aრომანი | ||
| 653 | _aფრთები | ||
| 942 | _cBK | ||
| 999 |
_c43369 _d43369 |
||